Engineering Applications of Neural Networks 16th International Conference, EANN 2015, Rhodes, Greece, September 25-28 2015.Proceedings /

This book constitutes the refereed proceedings of the 16th International Conference on Engineering Applications of Neural Networks, EANN 2015, held in Rhodes, Greece, in September 2015. The 36 revised full papers presented together with the abstracts of three invited talks and two tutorials were car...

Full description

Corporate Author: SpringerLink (Online service)
Other Authors: Iliadis, Lazaros. (Editor, http://id.loc.gov/vocabulary/relators/edt), Jayne, Chrisina. (Editor, http://id.loc.gov/vocabulary/relators/edt)
Language:English
Published: Cham : Springer International Publishing : Imprint: Springer, 2015.
Edition:1st ed. 2015.
Series:Communications in Computer and Information Science, 517
Subjects:
Online Access:https://doi.org/10.1007/978-3-319-23983-5
LEADER 03769nam a22005775i 4500
001 978-3-319-23983-5
003 DE-He213
005 20210610080441.0
007 cr nn 008mamaa
008 150928s2015 gw | s |||| 0|eng d
020 |a 9783319239835  |9 978-3-319-23983-5 
024 7 |a 10.1007/978-3-319-23983-5  |2 doi 
050 4 |a QA76.9.D343 
072 7 |a UNF  |2 bicssc 
072 7 |a COM021030  |2 bisacsh 
072 7 |a UNF  |2 thema 
072 7 |a UYQE  |2 thema 
082 0 4 |a 006.312  |2 23 
245 1 0 |a Engineering Applications of Neural Networks  |h [electronic resource] :  |b 16th International Conference, EANN 2015, Rhodes, Greece, September 25-28 2015.Proceedings /  |c edited by Lazaros Iliadis, Chrisina Jayne. 
250 |a 1st ed. 2015. 
264 1 |a Cham :  |b Springer International Publishing :  |b Imprint: Springer,  |c 2015. 
300 |a XXVIII, 402 p. 130 illus. in color.  |b online resource. 
336 |a text  |b txt  |2 rdacontent 
337 |a computer  |b c  |2 rdamedia 
338 |a online resource  |b cr  |2 rdacarrier 
347 |a text file  |b PDF  |2 rda 
490 1 |a Communications in Computer and Information Science,  |x 1865-0929 ;  |v 517 
505 0 |a Industrial-engineering applications of ANN -- Bioinformatics -- Intelligent medical modeling -- Life-earth sciences intelligent modeling -- Learning-algorithms -- Intelligent telecommunications modeling -- Fuzzy modeling -- Robotics and control -- Smart cameras -- Pattern recognition-facial mapping -- Classification -- Financial intelligent modeling -- Echo state networks. 
520 |a This book constitutes the refereed proceedings of the 16th International Conference on Engineering Applications of Neural Networks, EANN 2015, held in Rhodes, Greece, in September 2015. The 36 revised full papers presented together with the abstracts of three invited talks and two tutorials were carefully reviewed and selected from 84 submissions. The papers are organized in topical sections on industrial engineering applications of Artificial Neural Networks (ANN), bioinformatics, intelligent medical modeling, life/earth sciences intelligent modeling, learning algorithms, intelligent telecommunications modeling, fuzzy modeling, robotics and control, smart cameras, pattern recognition and facial mapping, classification, financial intelligent modeling, and echo state networks.  . 
650 0 |a Data mining. 
650 0 |a Pattern recognition. 
650 0 |a Application software. 
650 0 |a Artificial intelligence. 
650 0 |a Computational intelligence. 
650 1 4 |a Data Mining and Knowledge Discovery.  |0 https://scigraph.springernature.com/ontologies/product-market-codes/I18030 
650 2 4 |a Pattern Recognition.  |0 https://scigraph.springernature.com/ontologies/product-market-codes/I2203X 
650 2 4 |a Computer Applications.  |0 https://scigraph.springernature.com/ontologies/product-market-codes/I23001 
650 2 4 |a Artificial Intelligence.  |0 https://scigraph.springernature.com/ontologies/product-market-codes/I21000 
650 2 4 |a Computational Intelligence.  |0 https://scigraph.springernature.com/ontologies/product-market-codes/T11014 
700 1 |a Iliadis, Lazaros.  |e editor.  |4 edt  |4 http://id.loc.gov/vocabulary/relators/edt 
700 1 |a Jayne, Chrisina.  |e editor.  |4 edt  |4 http://id.loc.gov/vocabulary/relators/edt 
710 2 |a SpringerLink (Online service) 
773 0 |t Springer Nature eBook 
776 0 8 |i Printed edition:  |z 9783319239811 
776 0 8 |i Printed edition:  |z 9783319239828 
830 0 |a Communications in Computer and Information Science,  |x 1865-0929 ;  |v 517 
856 4 0 |u https://doi.org/10.1007/978-3-319-23983-5 
912 |a ZDB-2-SCS 
912 |a ZDB-2-SXCS 
950 |a Computer Science (SpringerNature-11645) 
950 |a Computer Science (R0) (SpringerNature-43710)